Statistics for Modern Metal

Click here to take the quiz!

General Stats

  • This quiz has been taken 48 times
  • The average score is 8 of 40

Answer Stats

HintAnswer% Correct
ToxicitySystem of a Down
98%
IowaSlipknot
73%
MeteoraLinkin Park
68%
The SicknessDisturbed
56%
The End of HeartacheKillswitch Engage
51%
Take a Look in the MirrorKorn
44%
White PonyDeftones
41%
LateralusTool
39%
ClaymanIn Flames
37%
LeviathanMastodon
34%
As the Palaces BurnLamb of God
32%
Blackwater ParkOpeth
29%
The BlackeningMachine Head
27%
ObzenMeshuggah
27%
An Ocean Between UsAs I Lay Dying
20%
L.D. 50Mudvayne
20%
The PoisonBullet For My Valentine
12%
The Fall of IdealsAll That Remains
10%
XIIIMushroomhead
10%
Annihilation of the WickedNile
10%
MetalizerSabaton
10%
The Impossiblity of ReasonChimaira
7%
IVGodsmack
7%
The Art of PartyingMunicipal Waste
7%
Dead Heart in a Dead WorldNevermore
7%
The CurseAtreyu
5%
PerseveranceHatebreed
5%
The War WithinShadows Fall
5%
Black FutureVektor
5%
Enter the GraveEvile
2%
Empire of the ObsceneRevocation
2%
SeasonsSevendust
2%
NocturnalThe Black Dahlia Murder
2%
Evil Never DiesToxic Holocaust
2%
NihilityDecapitated
0%
Transmission ZeroGhoul
0%
Trample the Weak, Hurdle the DeadSkinless
0%
Use Once and DestroySuperjoint Ritual
0%
Helping the World to SeeVehemence
0%
Chemical AssaultViolator
0%

Score Distribution

Percentile by Number Answered

Percent of People with Each Score

Your Score History

You have not taken this quiz